| 000 | 00753nam a2200241 a 4500 | ||
|---|---|---|---|
| 999 |
_c3055 _d3055 |
||
| 001 | 3055 | ||
| 003 | BD-JhCC | ||
| 005 | 20171129131817.0 | ||
| 008 | 171109s2000 bg |||| ||a| 000 0 ben d | ||
| 020 | _a9840740431 | ||
| 035 | _a(BD-JhCC) 3055 | ||
| 040 |
_aBD-JhCC _dBD-JhCC |
||
| 041 | _aben | ||
| 082 |
_a891.442 _bROK 2000 |
||
| 100 | _aরোকেয়া, বেগম | ||
| 245 |
_aসুলতানার স্বপ্ন / _cবেগম রোকেয়া, লাকী ইনাম (অনু.) |
||
| 260 |
_aঢাকা : _bবাংলা একাডেমী ঢাকা , _c2000 |
||
| 300 |
_a95 p .: _c22 cm . |
||
| 650 | _aBengali Drama | ||
| 700 | _a ইনাম, লাকী | ||
| 942 |
_2ddc _cBK |
||